| 000 | 00665nam a2200217 a 4500 | ||
|---|---|---|---|
| 005 | 20240913064033.0 | ||
| 008 | 991125s2002 bar 000 0 spa u | ||
| 020 | _a9684763646 | ||
| 035 | _aUPN01000133543 | ||
| 049 | _aCG | ||
| 050 | 4 |
_aLB1583 _bF3.48a |
|
| 100 | 1 | _aFaure, Raoul | |
| 245 | 1 | 0 |
_aMedio local y geografía viva / _cRaoul Faure ; tr. y apéndice Josep Colomer. |
| 260 |
_aMéxico : _bFontamara, _c2002. |
||
| 300 | _a101 p. | ||
| 440 | 0 |
_aFontamara ; _v290 |
|
| 534 |
_pTraducción de: _tMilieu local et géographie vivant |
||
| 650 | 4 |
_aGeografía _xEstudio y enseñanza (Elemental) _92801 |
|
| 650 | 4 |
_aEscuela activa _94099 |
|
| 905 | _aLibro | ||
| 999 |
_c105694 _d105694 |
||